Lord of the Rings General Knowldedge #2 - Statistics

General Stats
  • This quiz has been taken 110 times
    79 since last reset
  • The average score is 6 of 10
Answer Stats
Hint Answer % Correct
How many rings were given in total (Excluding One ring) 19
93%
Name of Sméagol's notable relative Déagol
84%
When Bilbo is 111, Frodo turns __ 33
78%
Chief advisor to Théoden Gríma Wormtongue
68%
"Where was Gondor when the _______ fell?" Westfold
58%
Other name for mount doom Orodruin
48%
Other name for Rivendell Imladris
45%
Mountains between Rohan and Gondor White Mountains/Ered Nimrais
30%
"There are those who dwell in ____________." The Mountains
29%
Anduin flows into this body of water Bay of Belfalas
20%
No matching quizzes found
Score Distribution
Percent of People with Each Score
Percentile by Number Answered
Your Score History
You have not taken this quiz since the last reset